000 00863nam a2200217 4500
001 138351
003 ES-MaACL
005 20250815074506.0
007 t|
008 070214s1965 sp r ||||1| spa d
100 1 _aSancho Gómez, Juan.
_9103040
245 1 3 _aLa cultura científica
_b: conferencias pronunciadas en el Colegio Mayor José Antonio de Madrid en los días 15, 16 y 17 de diciembre de 1964 /
_cJuan Sancho Gómez.
260 _aMadrid :
_bInstituto de Formación Universitaria,
_c1965.
300 _a61 p., 2 lám. ;
_c24 cm.
490 1 _aAula I . El arbol humano de la ciencia ;
_v5
710 2 _aInstituto de Formación Universitaria (Madrid)
_94948
710 2 _aColegio Mayor José Antonio (Madrid)
_92928
830 0 3 _aEl árbol humano de la ciencia
_v5
_9220153
852 _aES-MaACL
_jC-28020
_bR.57243
999 _c138351
_d138351